000 005660000a22001810004500
003 MACL
005 20160609163741.0
008 160609b xxu||||| |||| 00| 0 eng d
040 _aMACL
_cMACL
041 _aHindi
082 _a891.432
100 _aडॉ मोहन नरेन्‍द्र
_963637
245 _aअभंग गाथा
_cडॉ नरेन्‍द्र मोहन
260 _bजगतराम एण्‍ड संस
_c2000
_aदिल्‍ली
350 _a80
650 _aDrama
_963639
942 _cHIN
_k891.432
_2ddc
999 _c30427
_d30427